| 000 | 00778cam a22002531 4500 | ||
|---|---|---|---|
| 001 | 7786 | ||
| 003 | BD-RjUL | ||
| 005 | 20211208234457.0 | ||
| 008 | 140115s1964 nyua 001 0 eng | ||
| 035 | _a(BD-RjUL)7830 | ||
| 040 |
_aDLC _cDLC _dDLC _dBD-RjUL _beng |
||
| 041 | _aeng | ||
| 082 | 0 | 0 |
_a512.81 _bRAL 1964 |
| 100 | 1 |
_aRademacher, Hans, _d1892-1969. _924290 |
|
| 245 | 1 | 0 |
_aLectures on elementary number theory / _cHans Rademacher |
| 260 |
_aNew York : _bBlaisdell Pub. Co. , _cc1964 |
||
| 300 |
_aix, 146 p. : _billus. ; _c23 cm. |
||
| 490 | 0 | _aA Blaisdell book in the pure and applied sciences. Introduction to higher mathematics | |
| 504 | _aIncludes index. | ||
| 650 | 0 |
_aNumber theory. _924291 |
|
| 942 |
_2ddc _cBK |
||
| 999 |
_c7786 _d7786 |
||